[Event "Villarobledo Online Qualifyer"]
[Site "playchess.com #155672"]
[Date "2009.05.23"]
[Round "7"]
[White "Us6"]
[Black "Kendo"]
[Result "0-1"]
[WhiteElo "2615"]
[BlackElo "2723"]
[PlyCount "86"]
[EventDate "2009.05.23"]
[EventType "swiss (blitz)"]

1. d4 {[%emt 0:00:04]} e6 {[%emt 0:00:01]} 2. c4 {[%emt 0:00:01]} d5 {[%emt 0:
00:01]} 3. Nf3 {[%emt 0:00:02]} Be7 {[%emt 0:00:02]} 4. g3 {[%emt 0:00:01]} Nf6
{[%emt 0:00:04]} 5. Bg2 {[%emt 0:00:01]} O-O {[%emt 0:00:01]} 6. O-O {[%emt 0:
00:02]} c6 {[%emt 0:00:00]} 7. Nbd2 {[%emt 0:00:25]} b5 {[%emt 0:00:07]} 8. b3
{[%emt 0:00:04]} bxc4 {[%emt 0:00:03]} 9. bxc4 {[%emt 0:00:03]} Ba6 {[%emt 0:
00:01]} 10. Qc2 {[%emt 0:00:02]} Qa5 {[%emt 0:00:10]} 11. Ne5 {[%emt 0:00:11]}
Nfd7 {[%emt 0:00:24]} 12. Nd3 {[%emt 0:00:08]} Nb6 {[%emt 0:00:24]} 13. c5 {
[%emt 0:00:13]} Qa4 {[%emt 0:00:22]} 14. Qc3 {[%emt 0:00:13]} Nc4 {[%emt 0:00:
08]} 15. Nxc4 {[%emt 0:00:11]} Qxc4 {[%emt 0:00:04]} 16. Bd2 {[%emt 0:00:15]}
Qxc3 {[%emt 0:00:17]} 17. Bxc3 {[%emt 0:00:01]} Bxd3 {[%emt 0:00:01]} 18. exd3
{[%emt 0:00:01]} Nd7 {[%emt 0:00:02]} 19. Rab1 {[%emt 0:00:03]} Rab8 {[%emt 0:
00:04]} 20. f4 {[%emt 0:00:09]} g6 {[%emt 0:00:09]} 21. Kf2 {[%emt 0:00:03]}
Rxb1 {[%emt 0:00:21]} 22. Rxb1 {[%emt 0:00:02]} Rb8 {[%emt 0:00:01]} 23. Rxb8+
{[%emt 0:00:09]} Nxb8 {[%emt 0:00:00]} 24. Ke3 {[%emt 0:00:02]} Bd8 {[%emt 0:
00:04]} 25. Bf3 {[%emt 0:00:06]} f5 {[%emt 0:00:03]} 26. Bd1 {[%emt 0:00:02]}
Kf7 {[%emt 0:00:01]} 27. Ba4 {[%emt 0:00:04] Us6 offers a draw} Ke8 {[%emt 0:
00:04]} 28. h4 {[%emt 0:00:06]} h5 {[%emt 0:00:15]} 29. Bb3 {[%emt 0:00:04]}
Kd7 {[%emt 0:00:01]} 30. Ba4 {[%emt 0:00:02]} Kc8 {[%emt 0:00:01]} 31. Kd2 {
[%emt 0:00:03]} Kb7 {[%emt 0:00:01]} 32. Kc2 {[%emt 0:00:02]} Ka6 {[%emt 0:00:
04]} 33. a3 {[%emt 0:00:03]} Ba5 {[%emt 0:00:02]} 34. Bb4 {[%emt 0:00:01]} Bc7
{[%emt 0:00:15]} 35. Kc3 {[%emt 0:00:03]} Kb7 {[%emt 0:00:02]} 36. Bd1 {[%emt
0:00:03]} a5 {[%emt 0:00:02]} 37. Bc2 {[%emt 0:00:05]} Nd7 {[%emt 0:00:05]} 38.
Kb3 {[%emt 0:00:04]} axb4 {[%emt 0:00:01]} 39. axb4 {[%emt 0:00:00]} Nf6 {
[%emt 0:00:02]} 40. Bd1 {[%emt 0:00:02]} Ng4 {[%emt 0:00:04]} 41. Ka4 {[%emt 0:
00:06]} Ne3 {[%emt 0:00:06]} 42. Be2 {[%emt 0:00:09]} Nc2 {[%emt 0:00:06]} 43.
b5 {[%emt 0:00:01]} cxb5+ {[%emt 0:00:02] Us6 resigns} 0-1

[Event "Villarobledo Online Qualifyer"]
[Site "playchess.com #155672"]
[Date "2009.05.23"]
[Round "7"]
[White "Murri"]
[Black "Eddie"]
[Result "1-0"]
[WhiteElo "1755"]
[BlackElo "1958"]
[PlyCount "73"]
[EventDate "2009.05.23"]
[EventType "swiss (blitz)"]

1. d4 {[%emt 0:00:03]} Nf6 {[%emt 0:00:06]} 2. c4 {[%emt 0:00:01]} e6 {[%emt 0:
00:01]} 3. Nc3 {[%emt 0:00:01]} Bb4 {[%emt 0:00:10]} 4. e3 {[%emt 0:00:01]} O-O
{[%emt 0:00:02]} 5. Nf3 {[%emt 0:00:01]} b6 {[%emt 0:00:03]} 6. a3 {[%emt 0:00:
05]} Bxc3+ {[%emt 0:00:01]} 7. bxc3 {[%emt 0:00:02]} d6 {[%emt 0:00:03]} 8. Bd3
{[%emt 0:00:04]} Nbd7 {[%emt 0:00:02]} 9. O-O {[%emt 0:00:07]} e5 {[%emt 0:00:
02]} 10. Bf5 {[%emt 0:00:13]} g6 {[%emt 0:00:04]} 11. Bh3 {[%emt 0:00:02]} Ba6
{[%emt 0:00:07]} 12. Qa4 {[%emt 0:00:18]} Bb7 {[%emt 0:00:01]} 13. Nd2 {[%emt
0:00:06]} c5 {[%emt 0:00:10]} 14. Bb2 {[%emt 0:00:09]} Re8 {[%emt 0:00:19]} 15.
d5 {[%emt 0:00:11]} Bc8 {[%emt 0:00:33]} 16. Qd1 {[%emt 0:00:10]} Nb8 {[%emt 0:
00:07]} 17. Bxc8 {[%emt 0:00:18]} Qxc8 {[%emt 0:00:00]} 18. Qf3 {[%emt 0:00:01]
} Qf5 {[%emt 0:00:17]} 19. Qxf5 {[%emt 0:00:12]} gxf5 {[%emt 0:00:00]} 20. f3 {
[%emt 0:00:05]} Nbd7 {[%emt 0:00:04]} 21. a4 {[%emt 0:00:11]} a5 {[%emt 0:00:
04]} 22. Rab1 {[%emt 0:00:06]} Nh5 {[%emt 0:00:25]} 23. Rf2 {[%emt 0:00:04]} f4
{[%emt 0:00:09]} 24. e4 {[%emt 0:00:05]} Kh8 {[%emt 0:00:01]} 25. Bc1 {[%emt 0:
00:08]} Rg8 {[%emt 0:00:02]} 26. Nb3 {[%emt 0:00:12]} Rg7 {[%emt 0:00:05]} 27.
Bd2 {[%emt 0:00:04]} Rag8 {[%emt 0:00:07]} 28. Be1 {[%emt 0:00:06]} Nf8 {[%emt
0:00:02]} 29. Re2 {[%emt 0:00:02]} Ng6 {[%emt 0:00:02]} 30. Nd2 {[%emt 0:00:06]
} Nh4 {[%emt 0:00:03]} 31. Bxh4 {[%emt 0:00:02]} Rb8 {[%emt 0:00:17]} 32. Nf1 {
[%emt 0:00:06]} f5 {[%emt 0:00:03]} 33. exf5 {[%emt 0:00:14]} Rf7 {[%emt 0:00:
04]} 34. Reb2 {[%emt 0:00:06]} Rfb7 {[%emt 0:00:03]} 35. f6 {[%emt 0:00:04]}
Kg8 {[%emt 0:00:03]} 36. Nd2 {[%emt 0:00:02]} Kf7 {[%emt 0:00:06]} 37. Ne4 {
[%emt 0:00:01] Eddie gibt auf} 1-0

[Event "Villarobledo Online Qualifyer"]
[Site "playchess.com #155672"]
[Date "2009.05.23"]
[Round "7"]
[White "fritaldbx"]
[Black "Molina"]
[Result "0-1"]
[WhiteElo "1368"]
[BlackElo "1556"]
[PlyCount "92"]
[EventDate "2009.05.23"]
[EventType "swiss (blitz)"]

1. c4 {[%emt 0:00:04]} f5 {[%emt 0:00:06]} 2. d4 {[%emt 0:00:03]} Nf6 {[%emt 0:
00:01]} 3. g3 {[%emt 0:00:01]} e6 {[%emt 0:00:01]} 4. Bg2 {[%emt 0:00:01]} d5 {
[%emt 0:00:00]} 5. cxd5 {[%emt 0:00:13]} exd5 {[%emt 0:00:09]} 6. Bg5 {[%emt 0:
00:06]} c6 {[%emt 0:00:03]} 7. Nf3 {[%emt 0:00:10]} Bd6 {[%emt 0:00:03]} 8. Ne5
{[%emt 0:00:07]} O-O {[%emt 0:00:01]} 9. O-O {[%emt 0:00:12]} Nbd7 {[%emt 0:00:
01]} 10. f4 {[%emt 0:00:14]} Qe8 {[%emt 0:00:12]} 11. Nc3 {[%emt 0:00:09]} Ne4
{[%emt 0:00:08]} 12. Nxe4 {[%emt 0:00:55]} fxe4 {[%emt 0:00:10]} 13. e3 {[%emt
0:00:01]} Nf6 {[%emt 0:00:04]} 14. Bxf6 {[%emt 0:00:16]} Rxf6 {[%emt 0:00:03]}
15. Qh5 {[%emt 0:00:02]} Qxh5 {[%emt 0:00:06]} 16. Rf2 {[%emt 0:00:05]} Bh3 {
[%emt 0:00:06]} 17. Bxh3 {[%emt 0:00:03]} Qxh3 {[%emt 0:00:02]} 18. Raf1 {
[%emt 0:00:04]} Bxe5 {[%emt 0:00:05]} 19. dxe5 {[%emt 0:00:09]} Rg6 {[%emt 0:
00:17]} 20. b4 {[%emt 0:00:06]} a5 {[%emt 0:00:02]} 21. a3 {[%emt 0:00:08]}
axb4 {[%emt 0:00:01]} 22. axb4 {[%emt 0:00:02]} Ra4 {[%emt 0:00:02]} 23. f5 {
[%emt 0:00:03]} Rxg3+ {[%emt 0:00:10]} 24. hxg3 {[%emt 0:00:04]} Qxg3+ {[%emt
0:00:01]} 25. Rg2 {[%emt 0:00:04]} Qxe3+ {[%emt 0:00:01]} 26. Kh2 {[%emt 0:00:
07]} Rxb4 {[%emt 0:00:04]} 27. f6 {[%emt 0:00:02]} Qh6+ {[%emt 0:00:09]} 28.
Kg1 {[%emt 0:00:03]} g6 {[%emt 0:00:01]} 29. f7+ {[%emt 0:00:03]} Kf8 {[%emt 0:
00:01]} 30. e6 {[%emt 0:00:02]} Rc4 {[%emt 0:00:09]} 31. Rgf2 {[%emt 0:00:07]}
Qg5+ {[%emt 0:00:13]} 32. Rg2 {[%emt 0:00:02]} Qe3+ {[%emt 0:00:06]} 33. Rff2 {
[%emt 0:00:03]} Rc1+ {[%emt 0:00:03]} 34. Kh2 {[%emt 0:00:02]} Qh6+ {[%emt 0:
00:02]} 35. Kg3 {[%emt 0:00:04]} Qg5+ {[%emt 0:00:01]} 36. Kh3 {[%emt 0:00:06]}
Rh1+ {[%emt 0:00:04]} 37. Rh2 {[%emt 0:00:02]} Rxh2+ {[%emt 0:00:04]} 38. Rxh2
{[%emt 0:00:03]} Qf5+ {[%emt 0:00:04]} 39. Kg2 {[%emt 0:00:02]} Qxe6 {[%emt 0:
00:01]} 40. Rxh7 {[%emt 0:00:01]} Qg4+ {[%emt 0:00:04]} 41. Kf1 {[%emt 0:00:01]
} e3 {[%emt 0:00:02]} 42. Ke1 {[%emt 0:00:02]} Qg2 {[%emt 0:00:03]} 43. Rh8+ {
[%emt 0:00:05]} Kxf7 {[%emt 0:00:01]} 44. Rh7+ {[%emt 0:00:01]} Kf6 {[%emt 0:
00:01]} 45. Rxb7 {[%emt 0:00:01]} Qd2+ {[%emt 0:00:02]} 46. Kf1 {[%emt 0:00:03]
} Qf2# {[%emt 0:00:01]} 0-1

[Event "Villarobledo Online Qualifyer"]
[Site "playchess.com #155672"]
[Date "2009.05.23"]
[Round "7"]
[White "Tojobo"]
[Black "Mtudorache"]
[Result "0-1"]
[WhiteElo "1677"]
[BlackElo "1734"]
[PlyCount "84"]
[EventDate "2009.05.23"]
[EventType "swiss (blitz)"]

1. d4 {[%emt 0:00:01]} Nf6 {[%emt 0:00:03]} 2. c4 {[%emt 0:00:01]} g6 {[%emt 0:
00:02]} 3. Nc3 {[%emt 0:00:02]} Bg7 {[%emt 0:00:03]} 4. e4 {[%emt 0:00:01]} d6
{[%emt 0:00:02]} 5. Be2 {[%emt 0:00:01]} h6 {[%emt 0:00:03]} 6. f4 {[%emt 0:00:
01]} c5 {[%emt 0:00:02]} 7. d5 {[%emt 0:00:02]} O-O {[%emt 0:00:01]} 8. h3 {
[%emt 0:00:02]} e6 {[%emt 0:00:00]} 9. Nf3 {[%emt 0:00:01]} exd5 {[%emt 0:00:
01]} 10. cxd5 {[%emt 0:00:00]} b5 {[%emt 0:00:03]} 11. e5 {[%emt 0:00:02]} dxe5
{[%emt 0:00:10]} 12. fxe5 {[%emt 0:00:01]} Nh5 {[%emt 0:00:01]} 13. O-O {[%emt
0:00:10]} Ng3 {[%emt 0:00:02]} 14. Re1 {[%emt 0:00:01]} Nxe2+ {[%emt 0:00:08]}
15. Qxe2 {[%emt 0:00:05]} b4 {[%emt 0:00:02]} 16. Nb5 {[%emt 0:00:07]} Ba6 {
[%emt 0:00:03]} 17. e6 {[%emt 0:00:09]} Qb6 {[%emt 0:00:07]} 18. a4 {[%emt 0:
00:06]} bxa3 {[%emt 0:00:01]} 19. Rxa3 {[%emt 0:00:08]} Bxb5 {[%emt 0:00:05]}
20. exf7+ {[%emt 0:00:02]} Rxf7 {[%emt 0:00:12]} 21. Qe6 {[%emt 0:00:12]} Qxe6
{[%emt 0:00:10]} 22. dxe6 {[%emt 0:00:03]} Re7 {[%emt 0:00:02]} 23. Bf4 {[%emt
0:00:19]} Bc4 {[%emt 0:00:16]} 24. Rae3 {[%emt 0:00:05]} Nc6 {[%emt 0:00:13]}
25. Bd6 {[%emt 0:00:02]} Ree8 {[%emt 0:00:02]} 26. Bxc5 {[%emt 0:00:02]} Bxb2 {
[%emt 0:00:07]} 27. Nh4 {[%emt 0:00:09]} Kg7 {[%emt 0:00:29]} 28. e7 {[%emt 0:
00:08]} Bf6 {[%emt 0:00:02]} 29. Nf3 {[%emt 0:00:05]} a5 {[%emt 0:00:05]} 30.
g4 {[%emt 0:00:06]} a4 {[%emt 0:00:08]} 31. h4 {[%emt 0:00:05]} g5 {[%emt 0:00:
03]} 32. hxg5 {[%emt 0:00:15]} hxg5 {[%emt 0:00:02]} 33. Rc1 {[%emt 0:00:27]}
Bd5 {[%emt 0:00:07]} 34. Kf2 {[%emt 0:00:11]} Bxf3 {[%emt 0:00:08]} 35. Kxf3 {
[%emt 0:00:02]} Nxe7 {[%emt 0:00:20]} 36. Re6 {[%emt 0:00:10]} Kf7 {[%emt 0:00:
02]} 37. Rb6 {[%emt 0:00:06]} Nd5 {[%emt 0:00:03]} 38. Rb7+ {[%emt 0:00:01]}
Kg6 {[%emt 0:00:05]} 39. Rd1 {[%emt 0:00:06]} Nf4 {[%emt 0:00:07]} 40. Rb6 {
[%emt 0:00:04]} Re6 {[%emt 0:00:02]} 41. Rxe6 {[%emt 0:00:06]} Nxe6 {[%emt 0:
00:02]} 42. Rd6 {[%emt 0:00:04]} Nxc5 {[%emt 0:00:02] Tojobo gibt auf} 0-1

[Event "Villarobledo Online Qualifyer"]
[Site "playchess.com #155672"]
[Date "2009.05.23"]
[Round "7"]
[White "Moe der Beste"]
[Black "HappyTriggerFool"]
[Result "0-1"]
[WhiteElo "2242"]
[BlackElo "2494"]
[PlyCount "102"]
[EventDate "2009.05.23"]
[EventType "swiss (blitz)"]

1. d4 {[%emt 0:00:01]} d6 {[%emt 0:00:01]} 2. c4 {[%emt 0:00:01]} g6 {[%emt 0:
00:01]} 3. Nf3 {[%emt 0:00:01]} Bg7 {[%emt 0:00:01]} 4. Nc3 {[%emt 0:00:01]}
Bg4 {[%emt 0:00:01]} 5. e3 {[%emt 0:00:10]} Nc6 {[%emt 0:00:01]} 6. Qb3 {[%emt
0:00:03]} Qc8 {[%emt 0:00:05]} 7. h3 {[%emt 0:00:03]} Bxf3 {[%emt 0:00:01]} 8.
gxf3 {[%emt 0:00:00]} Nf6 {[%emt 0:00:02]} 9. Bg2 {[%emt 0:00:02]} e5 {[%emt 0:
00:04]} 10. d5 {[%emt 0:00:07]} Ne7 {[%emt 0:00:01]} 11. Bd2 {[%emt 0:00:02]}
O-O {[%emt 0:00:08]} 12. h4 {[%emt 0:00:01]} c6 {[%emt 0:00:02]} 13. dxc6 {
[%emt 0:00:03]} bxc6 {[%emt 0:00:03]} 14. Ne4 {[%emt 0:00:04]} Nxe4 {[%emt 0:
00:02]} 15. fxe4 {[%emt 0:00:00]} Rb8 {[%emt 0:00:02]} 16. Qc2 {[%emt 0:00:02]}
Qc7 {[%emt 0:00:05]} 17. h5 {[%emt 0:00:04]} f5 {[%emt 0:00:05]} 18. hxg6 {
[%emt 0:00:09]} hxg6 {[%emt 0:00:01]} 19. b3 {[%emt 0:00:02]} Qb6 {[%emt 0:00:
23]} 20. Bh3 {[%emt 0:00:08]} d5 {[%emt 0:00:08]} 21. O-O-O {[%emt 0:00:21]}
Qc5 {[%emt 0:00:33]} 22. cxd5 {[%emt 0:00:19]} Qa3+ {[%emt 0:00:06]} 23. Qb2 {
[%emt 0:00:01]} Qxb2+ {[%emt 0:00:01]} 24. Kxb2 {[%emt 0:00:00]} cxd5 {[%emt 0:
00:01]} 25. exf5 {[%emt 0:00:05]} gxf5 {[%emt 0:00:03]} 26. Rhg1 {[%emt 0:00:
02]} Kf7 {[%emt 0:00:01]} 27. Bc3 {[%emt 0:00:02]} Bf6 {[%emt 0:00:05]} 28. Bg2
{[%emt 0:00:02]} Ke6 {[%emt 0:00:02]} 29. Bf3 {[%emt 0:00:04]} Rfc8 {[%emt 0:
00:03]} 30. Be2 {[%emt 0:00:08]} Rc6 {[%emt 0:00:04]} 31. f4 {[%emt 0:00:13]}
Rxc3 {[%emt 0:00:04]} 32. Kxc3 {[%emt 0:00:05]} exf4+ {[%emt 0:00:01]} 33. Kd3
{[%emt 0:00:01]} fxe3 {[%emt 0:00:04]} 34. Kxe3 {[%emt 0:00:02]} d4+ {[%emt 0:
00:14]} 35. Kf3 {[%emt 0:00:07]} Nc6 {[%emt 0:00:09]} 36. Bc4+ {[%emt 0:00:01]}
Kd6 {[%emt 0:00:07]} 37. Kf4 {[%emt 0:00:01]} Be5+ {[%emt 0:00:04]} 38. Kf3 {
[%emt 0:00:09]} Kc5 {[%emt 0:00:11]} 39. a3 {[%emt 0:00:01]} Rh8 {[%emt 0:00:
20]} 40. Rh1 {[%emt 0:00:08]} Rf8 {[%emt 0:00:01]} 41. Rh6 {[%emt 0:00:05]} Bg7
{[%emt 0:00:35]} 42. Rg6 {[%emt 0:00:05]} Ne5+ {[%emt 0:00:02]} 43. Kf4 {[%emt
0:00:10]} Nxg6+ {[%emt 0:00:01]} 44. Kg5 {[%emt 0:00:00]} Ne5 {[%emt 0:00:01]}
45. Be6 {[%emt 0:00:00]} f4 {[%emt 0:00:01]} 46. Rc1+ {[%emt 0:00:02]} Kd6 {
[%emt 0:00:01]} 47. Bh3 {[%emt 0:00:02]} f3 {[%emt 0:00:02]} 48. Bf1 {[%emt 0:
00:00]} Rf6 {[%emt 0:00:02]} 49. Rc8 {[%emt 0:00:06]} Bh6+ {[%emt 0:00:01]} 50.
Kh5 {[%emt 0:00:02]} Be3 {[%emt 0:00:01]} 51. Re8 {[%emt 0:00:06]} Rh6# {[%emt
0:00:01]} 0-1

[Event "Villarobledo Online Qualifyer"]
[Site "playchess.com #155672"]
[Date "2009.05.23"]
[Round "7"]
[White "Ricardov"]
[Black "Ozmarabagi"]
[Result "0-1"]
[WhiteElo "2376"]
[BlackElo "1851"]
[PlyCount "80"]
[EventDate "2009.05.23"]
[EventType "swiss (blitz)"]

1. e4 {[%emt 0:00:01]} c5 {[%emt 0:00:05]} 2. Nf3 {[%emt 0:00:01]} d6 {[%emt 0:
00:06]} 3. d4 {[%emt 0:00:01]} cxd4 {[%emt 0:00:04]} 4. Nxd4 {[%emt 0:00:00]}
Nf6 {[%emt 0:00:09]} 5. Nc3 {[%emt 0:00:01]} a6 {[%emt 0:00:04]} 6. Be2 {[%emt
0:00:02]} e6 {[%emt 0:00:04]} 7. O-O {[%emt 0:00:01]} Be7 {[%emt 0:00:03]} 8.
a4 {[%emt 0:00:01]} O-O {[%emt 0:00:04]} 9. Be3 {[%emt 0:00:03]} Qc7 {[%emt 0:
00:04]} 10. f4 {[%emt 0:00:03]} Nc6 {[%emt 0:00:04]} 11. Kh1 {[%emt 0:00:12]}
Re8 {[%emt 0:00:04]} 12. Bf3 {[%emt 0:00:03]} Na5 {[%emt 0:00:04]} 13. Bf2 {
[%emt 0:00:21]} Bd7 {[%emt 0:00:06]} 14. e5 {[%emt 0:00:13]} dxe5 {[%emt 0:00:
05]} 15. fxe5 {[%emt 0:00:01]} Qxe5 {[%emt 0:00:04]} 16. Re1 {[%emt 0:00:06]}
Qb8 {[%emt 0:00:05]} 17. Bg3 {[%emt 0:00:17]} Bd6 {[%emt 0:00:06]} 18. Bh4 {
[%emt 0:00:09]} Bxh2 {[%emt 0:00:06]} 19. Bxf6 {[%emt 0:00:01]} gxf6 {[%emt 0:
00:05]} 20. Nf5 {[%emt 0:00:01]} Qc7 {[%emt 0:00:06]} 21. Nh6+ {[%emt 0:00:15]}
Kg7 {[%emt 0:00:05]} 22. Re4 {[%emt 0:00:06]} Bf4 {[%emt 0:00:06]} 23. Nf5+ {
[%emt 0:00:40]} Kh8 {[%emt 0:00:07]} 24. Rd4 {[%emt 0:00:42]} Red8 {[%emt 0:00:
06]} 25. Nh4 {[%emt 0:00:19]} Be5 {[%emt 0:00:06]} 26. Rd3 {[%emt 0:00:02]} Bg3
{[%emt 0:00:07]} 27. Be4 {[%emt 0:00:03]} f5 {[%emt 0:00:06]} 28. Qh5 {[%emt 0:
00:02]} fxe4 {[%emt 0:00:08]} 29. Rxg3 {[%emt 0:00:01]} Qxg3 {[%emt 0:00:08]}
30. Nxe4 {[%emt 0:00:00]} Qg7 {[%emt 0:00:07]} 31. Rf1 {[%emt 0:00:03]} f5 {
[%emt 0:00:06]} 32. Ng5 {[%emt 0:00:02]} Rf8 {[%emt 0:00:06]} 33. g4 {[%emt 0:
00:01]} Bc6+ {[%emt 0:00:06]} 34. Kh2 {[%emt 0:00:00]} Qc7+ {[%emt 0:00:05]}
35. Kh3 {[%emt 0:00:01]} fxg4+ {[%emt 0:00:06]} 36. Kxg4 {[%emt 0:00:01]} Rxf1
{[%emt 0:00:07]} 37. Ng6+ {[%emt 0:00:01]} Kg8 {[%emt 0:00:07]} 38. Ne5 {[%emt
0:00:03]} Nc4 {[%emt 0:00:06]} 39. Nef7 {[%emt 0:00:07]} Qf4+ {[%emt 0:00:05]}
40. Kh3 {[%emt 0:00:02]} Rh1# {[%emt 0:00:02]} 0-1

[Event "Villarobledo Online Qualifyer"]
[Site "playchess.com #155672"]
[Date "2009.05.23"]
[Round "7"]
[White "Peterdrost"]
[Black "Master of poker"]
[Result "0-1"]
[WhiteElo "2247"]
[BlackElo "2464"]
[PlyCount "78"]
[EventDate "2009.05.23"]
[EventType "swiss (blitz)"]

1. d4 {[%emt 0:00:01]} Nf6 {[%emt 0:00:01]} 2. c4 {[%emt 0:00:01]} e5 {[%emt 0:
00:01]} 3. dxe5 {[%emt 0:00:02]} Ng4 {[%emt 0:00:00]} 4. e3 {[%emt 0:00:33]}
Nxe5 {[%emt 0:00:03]} 5. Nh3 {[%emt 0:00:01]} Bc5 {[%emt 0:00:02]} 6. Nc3 {
[%emt 0:00:06]} Nbc6 {[%emt 0:00:02]} 7. a3 {[%emt 0:00:03]} a5 {[%emt 0:00:04]
} 8. Nf4 {[%emt 0:00:02]} O-O {[%emt 0:00:00]} 9. Be2 {[%emt 0:00:01]} d6 {
[%emt 0:00:00]} 10. O-O {[%emt 0:00:01]} Bf5 {[%emt 0:00:11]} 11. b3 {[%emt 0:
00:23]} Re8 {[%emt 0:00:07]} 12. Bb2 {[%emt 0:00:01]} Qh4 {[%emt 0:00:13]} 13.
Ncd5 {[%emt 0:00:11]} Rac8 {[%emt 0:00:20]} 14. Bc3 {[%emt 0:00:19]} Ne7 {
[%emt 0:00:32]} 15. b4 {[%emt 0:00:06]} Nxd5 {[%emt 0:00:01]} 16. Nxd5 {[%emt
0:00:09]} Ba7 {[%emt 0:00:33]} 17. Bd4 {[%emt 0:01:01]} Bxd4 {[%emt 0:00:19]}
18. exd4 {[%emt 0:00:02]} Nc6 {[%emt 0:00:06]} 19. Ne3 {[%emt 0:00:11]} Nxd4 {
[%emt 0:00:09]} 20. Nxf5 {[%emt 0:00:01]} Nxf5 {[%emt 0:00:09]} 21. Rc1 {[%emt
0:00:05]} axb4 {[%emt 0:00:03]} 22. axb4 {[%emt 0:00:01]} Qd4 {[%emt 0:00:08]}
23. Bf3 {[%emt 0:00:04]} b6 {[%emt 0:00:06]} 24. c5 {[%emt 0:00:12]} dxc5 {
[%emt 0:00:03]} 25. bxc5 {[%emt 0:00:01]} bxc5 {[%emt 0:00:02]} 26. Qc2 {[%emt
0:00:01]} Re5 {[%emt 0:00:10]} 27. Rfd1 {[%emt 0:00:01]} Qf4 {[%emt 0:00:04]}
28. h3 {[%emt 0:00:03]} Nh4 {[%emt 0:00:03]} 29. Bg4 {[%emt 0:00:01]} f5 {
[%emt 0:00:19] '} 30. Be2 {[%emt 0:00:01]} Qg5 {[%emt 0:00:02]} 31. Bf1 {[%emt
0:00:01]} Nf3+ {[%emt 0:00:01]} 32. Kh1 {[%emt 0:00:01]} Nh4 {[%emt 0:00:01]}
33. Qc4+ {[%emt 0:00:02]} Kh8 {[%emt 0:00:02]} 34. Qa6 {[%emt 0:00:01]} Rce8 {
[%emt 0:00:01]} 35. Qc6 {[%emt 0:00:02]} h5 {[%emt 0:00:01]} 36. Rc3 {[%emt 0:
00:01]} Re1 {[%emt 0:00:04]} 37. Rxe1 {[%emt 0:00:03]} Rxe1 {[%emt 0:00:00]}
38. Qa8+ {[%emt 0:00:06]} Kh7 {[%emt 0:00:01]} 39. Qa6 {[%emt 0:00:02]} Qxg2# {
[%emt 0:00:03]} 0-1

[Event "Villarobledo Online Qualifyer"]
[Site "playchess.com #155672"]
[Date "2009.05.23"]
[Round "7"]
[White "Lacryma"]
[Black "Slavmonster"]
[Result "0-1"]
[WhiteElo "1829"]
[BlackElo "2112"]
[PlyCount "74"]
[EventDate "2009.05.23"]
[EventType "swiss (blitz)"]

1. e4 {[%emt 0:00:02]} e5 {[%emt 0:00:00]} 2. Bc4 {[%emt 0:00:02]} Nc6 {[%emt
0:00:06]} 3. Nc3 {[%emt 0:00:05]} Nf6 {[%emt 0:00:02]} 4. d3 {[%emt 0:00:02]}
Bc5 {[%emt 0:00:03]} 5. f4 {[%emt 0:00:02]} exf4 {[%emt 0:00:03]} 6. Bxf4 {
[%emt 0:00:17]} d6 {[%emt 0:00:04]} 7. Nf3 {[%emt 0:00:02]} Nd4 {[%emt 0:00:18]
} 8. Bg5 {[%emt 0:00:34]} c6 {[%emt 0:00:09]} 9. Qd2 {[%emt 0:00:13]} h6 {
[%emt 0:00:06]} 10. Bxf6 {[%emt 0:00:06]} Qxf6 {[%emt 0:00:03]} 11. Nxd4 {
[%emt 0:00:02]} Bxd4 {[%emt 0:00:09]} 12. Rf1 {[%emt 0:00:14]} Qh4+ {[%emt 0:
00:52]} 13. g3 {[%emt 0:00:02]} Qg4 {[%emt 0:00:24]} 14. Bxf7+ {[%emt 0:00:08]}
Kd8 {[%emt 0:00:02]} 15. Qf4 {[%emt 0:00:12]} Kc7 {[%emt 0:00:26]} 16. Qxg4 {
[%emt 0:00:10]} Bxg4 {[%emt 0:00:01]} 17. Kd2 {[%emt 0:00:14]} Rhf8 {[%emt 0:
00:03]} 18. Bb3 {[%emt 0:00:03]} a5 {[%emt 0:00:05]} 19. a4 {[%emt 0:00:03]}
Kd7 {[%emt 0:00:16]} 20. Rf4 {[%emt 0:00:10]} Bh3 {[%emt 0:00:04]} 21. Rb1 {
[%emt 0:00:12]} Be5 {[%emt 0:00:02]} 22. Rxf8 {[%emt 0:00:07]} Rxf8 {[%emt 0:
00:00]} 23. Ke3 {[%emt 0:00:09]} Bg2 {[%emt 0:00:07]} 24. Rg1 {[%emt 0:00:14]}
Bh3 {[%emt 0:00:08]} 25. Nd1 {[%emt 0:00:20] .} c5 {[%emt 0:00:02]} 26. c3 {
[%emt 0:00:03]} Bg4 {[%emt 0:00:04]} 27. Nf2 {[%emt 0:00:01]} Rf3+ {[%emt 0:00:
06]} 28. Ke2 {[%emt 0:00:03]} Rxg3+ {[%emt 0:00:01]} 29. Kf1 {[%emt 0:00:02]}
Be2+ {[%emt 0:00:04]} 30. Kxe2 {[%emt 0:00:03]} Rxg1 {[%emt 0:00:00]} 31. Ng4 {
[%emt 0:00:04]} Rxg4 {[%emt 0:00:01]} 32. Be6+ {[%emt 0:00:01]} Kxe6 {[%emt 0:
00:02]} 33. b4 {[%emt 0:00:00]} Bxc3 {[%emt 0:00:03]} 34. d4 {[%emt 0:00:01]}
axb4 {[%emt 0:00:01]} 35. a5 {[%emt 0:00:01]} b3 {[%emt 0:00:01]} 36. a6 {
[%emt 0:00:00]} bxa6 {[%emt 0:00:01]} 37. d5+ {[%emt 0:00:00]} Ke5 {[%emt 0:00:
01] Lacryma gibt auf} 0-1

[Event "Villarobledo Online Qualifyer"]
[Site "playchess.com #155672"]
[Date "2009.05.23"]
[Round "7"]
[White "Kasimito"]
[Black "Dominguez"]
[Result "1-0"]
[WhiteElo "1894"]
[BlackElo "2156"]
[PlyCount "65"]
[EventDate "2009.05.23"]
[EventType "swiss (blitz)"]

1. e4 {[%emt 0:00:01]} c5 {[%emt 0:00:01]} 2. Nf3 {[%emt 0:00:04]} Nc6 {[%emt
0:00:01]} 3. Bb5 {[%emt 0:00:05]} g6 {[%emt 0:00:03]} 4. c3 {[%emt 0:00:04]}
Bg7 {[%emt 0:00:02]} 5. O-O {[%emt 0:00:04]} Nf6 {[%emt 0:00:05]} 6. Re1 {
[%emt 0:00:04]} O-O {[%emt 0:00:01]} 7. d4 {[%emt 0:00:04]} cxd4 {[%emt 0:00:
03]} 8. e5 {[%emt 0:00:03]} Nd5 {[%emt 0:00:07]} 9. cxd4 {[%emt 0:00:03]} Qb6 {
[%emt 0:00:04]} 10. Bc4 {[%emt 0:00:06]} Nc7 {[%emt 0:00:27]} 11. d5 {[%emt 0:
00:04]} Na5 {[%emt 0:00:03]} 12. Bf1 {[%emt 0:00:05]} Na6 {[%emt 0:00:43]} 13.
Nc3 {[%emt 0:00:19]} d6 {[%emt 0:00:06]} 14. Bg5 {[%emt 0:00:10]} dxe5 {[%emt
0:00:22]} 15. Bxe7 {[%emt 0:00:10]} Re8 {[%emt 0:00:01]} 16. Na4 {[%emt 0:00:
08]} Qc7 {[%emt 0:00:17]} 17. d6 {[%emt 0:00:05]} Qd7 {[%emt 0:00:05]} 18. Bxa6
{[%emt 0:00:06]} bxa6 {[%emt 0:00:02]} 19. Rc1 {[%emt 0:00:05]} Nb7 {[%emt 0:
00:19]} 20. Rc7 {[%emt 0:00:06]} Qb5 {[%emt 0:00:20]} 21. d7 {[%emt 0:00:32] .}
Rxe7 {[%emt 0:00:06]} 22. dxc8=Q+ {[%emt 0:00:07]} Rxc8 {[%emt 0:00:02]} 23.
Rxc8+ {[%emt 0:00:05]} Bf8 {[%emt 0:00:00]} 24. Nc3 {[%emt 0:00:07]} Qxb2 {
[%emt 0:00:04]} 25. Nxe5 {[%emt 0:00:06]} Kg7 {[%emt 0:00:12]} 26. Re2 {[%emt
0:00:14]} Qb4 {[%emt 0:00:08]} 27. Nd5 {[%emt 0:00:06]} Qd6 {[%emt 0:00:02]}
28. Nc4 {[%emt 0:00:05]} Qd7 {[%emt 0:00:05]} 29. Qd4+ {[%emt 0:00:06]} f6 {
[%emt 0:00:02]} 30. Qxf6+ {[%emt 0:00:06]} Kh6 {[%emt 0:00:01]} 31. Qxf8+ {
[%emt 0:00:08]} Kg5 {[%emt 0:00:01]} 32. Qf4+ {[%emt 0:00:06]} Kh5 {[%emt 0:00:
02]} 33. Nf6# {[%emt 0:00:17]} 1-0